[Event "Western States op"]
[Site "Reno"]
[Date "2003.10.19"]
[Round "6"]
[White "Grabiak, M."]
[Black "Fields, D."]
[Result "1-0"]
[WhiteElo "1453"]
[BlackElo "1399"]
[PlyCount "95"]
[EventDate "2003.10.17"]
[EventType "swiss"]
[EventRounds "6"]
[EventCountry "USA"]
[SourceTitle "EXT 2009"]
[Source "ChessBase"]
[SourceDate "2008.11.26"]
[SourceVersion "1"]
[SourceVersionDate "2008.11.26"]
[SourceQuality "1"]

1. e4 c5 2. c3 a6 3. d4 cxd4 4. cxd4 Nc6 5. Nf3 d6 6. Nc3 Bg4 7. Be3 e6 8. Be2 Nf6 9. 0-0 d5 10. e5 Ne4 11. Nxe4 Bxf3 12. Bxf3 dxe4 13. Bxe4 Rc8 14. Rc1 Qa5 15. Qb3 Qb5 16. Qxb5 axb5 17. d5 exd5 18. Bxd5 Be7 19. f4 0-0 20. Bc5 Bxc5+ 21. Rxc5 b4 22. Rfc1 Rfd8 23. R1c2 Kf8 24. Kf2 Ke7 25. Ke3 f5 26. Bxc6 bxc6 27. Rxc6 Ra8 28. Rc7+ Rd7 29. Rxd7+ Kxd7 30. Rc4 Rxa2 31. Rxb4 Ra7 32. Kd4 h6 33. Rb5 Ra4+ 34. Kd5 Rxf4 35. Rb7+ Kc8 36. Rxg7 Rf2 37. Ke6 f4 38. b4 Rb2 39. Kf6 Rxb4 40. e6 f3 41. Rg8+ Kc7 42. gxf3 Rf4+ 43. Ke7 Rxf3 44. Rg2 Rc3 45. Ke8 Kd6 46. e7 Re3 47. Rd2+ Ke6 48. Kd8 1-0